[Event "WCO2014"]
[Site "Tromso"]
[Date "2014.08.05"]
[Round "4.21"]
[WhiteID "4201990"]
[White "Mastrovasilis Athanasios"]
[BlackID "108049"]
[Black "Flores Diego"]
[Result "0-1"]
[LiveChessVersion "1.4.3"]
[BlackElo "2562"]
[WhiteElo "2526"]

1. d4 {[%clk 1:30:57]} Nf6 {[%clk 1:30:41]} 2. c4 {[%clk 1:31:08]} e6
{[%clk 1:30:19]} 3. Nc3 {[%clk 1:27:09]} c5 {[%clk 1:30:26]} 4. d5
{[%clk 1:25:48]} exd5 {[%clk 1:30:34]} 5. cxd5 {[%clk 1:26:17]} d6
{[%clk 1:30:46]} 6. Nf3 {[%clk 1:26:24]} g6 {[%clk 1:30:44]} 7. Bf4
{[%clk 1:26:43]} Bg7 {[%clk 1:30:56]} 8. e3 {[%clk 1:26:52]} O-O {[%clk 1:30:55]}
9. h3 {[%clk 1:25:37]} a6 {[%clk 1:28:30]} 10. a4 {[%clk 1:26:01]} Re8
{[%clk 1:28:08]} 11. Nd2 {[%clk 1:04:55]} Nbd7 {[%clk 1:23:54]} 12. Be2
{[%clk 1:01:01]} Ne5 {[%clk 1:21:44]} 13. O-O {[%clk 1:00:31]} Nfd7
{[%clk 1:22:01]} 14. Bh2 {[%clk 0:56:23]} f5 {[%clk 1:20:40]} 15. Kh1
{[%clk 0:51:38]} b6 {[%clk 1:15:31]} 16. e4 {[%clk 0:39:36]} fxe4
{[%clk 1:02:03]} 17. Ndxe4 {[%clk 0:39:27]} Nf8 {[%clk 0:54:10]} 18. f4
{[%clk 0:27:21]} Nf7 {[%clk 0:54:05]} 19. g4 {[%clk 0:24:41]} Ra7
{[%clk 0:40:21]} 20. f5 {[%clk 0:19:44]} Bxc3 {[%clk 0:36:11]} 21. Nxc3
{[%clk 0:19:03]} Qh4 {[%clk 0:36:07]} 22. Qe1 {[%clk 0:08:25]} Qxh3
{[%clk 0:28:03]} 23. Qg3 {[%clk 0:08:46]} Qxg3 {[%clk 0:25:42]} 24. Bxg3
{[%clk 0:09:15]} Rae7 {[%clk 0:25:50]} 25. Rae1 {[%clk 0:07:20]} Bb7
{[%clk 0:24:33]} 26. f6 {[%clk 0:05:47]} Re3 {[%clk 0:14:41]} 27. Bf4
{[%clk 0:05:28]} R3e6 {[%clk 0:09:58]} 28. g5 {[%clk 0:05:30]} Kh8
{[%clk 0:02:50]} 29. Kg1 {[%clk 0:02:36]} Bxd5 {[%clk 0:03:07]} 30. Nxd5
{[%clk 0:03:05]} Rxe2 {[%clk 0:03:30]} 31. Ne7 {[%clk 0:03:23]} Re6
{[%clk 0:03:37]} 32. Kh2 {[%clk 0:01:27]} h6 {[%clk 0:02:42]} 33. gxh6
{[%clk 0:00:58]} Kh7 {[%clk 0:02:42]} 34. Bd2 {[%clk 0:00:50]} Rxe1
{[%clk 0:00:58]} 35. Rxe1 {[%clk 0:01:18]} Nd7 {[%clk 0:01:13]} 36. Bc3
{[%clk 0:00:51]} Nfe5 {[%clk 0:00:41]} 37. Bxe5 {[%clk 0:00:37]} Nxe5
{[%clk 0:00:42]} 38. Kg3 {[%clk 0:00:36]} Nd7 {[%clk 0:00:40]} 39. Re6
{[%clk 0:00:35]} Nxf6 {[%clk 0:00:52]} 40. Rxf6 {[%clk 0:00:48]} Rxe7
{[%clk 0:01:18]} 41. Rxd6 {[%clk 0:01:12]} Re4 {[%clk 0:00:47]} 42. Rxb6
{[%clk 0:23:45]} Rxa4 {[%clk 0:31:06]} 43. Rc6 {[%clk 0:23:51]} c4
{[%clk 0:28:47]} 44. Kh3 {[%clk 0:17:24]} Kxh6 {[%clk 0:28:40]} 45. Kg3
{[%clk 0:17:43]} Rb4 {[%clk 0:23:55]} 46. Rxa6 {[%clk 0:16:12]} Rxb2
{[%clk 0:23:49]} 47. Rc6 {[%clk 0:16:38]} Rc2 {[%clk 0:24:11]} 48. Rc5
{[%clk 0:12:53]} Rc1 {[%clk 0:23:44]} 49. Kh3 {[%clk 0:12:36]} c3
{[%clk 0:23:44]} 50. Kg3 {[%clk 0:12:01]} g5 {[%clk 0:23:30]} 51. Kh3
{[%clk 0:11:13]} Kg6 {[%clk 0:22:52]} 52. Kg3 {[%clk 0:11:26]} Kf6
{[%clk 0:23:07]} 53. Kf2 {[%clk 0:07:51]} g4 {[%clk 0:14:24]} 54. Ke2
{[%clk 0:05:45]} Ke6 {[%clk 0:08:21]} 55. Ke3 {[%clk 0:02:52]} Rf1
{[%clk 0:08:00]} 56. Ke2 {[%clk 0:02:30]} Rf3 {[%clk 0:08:03]} 57. Rg5
{[%clk 0:02:14]} Rg3 {[%clk 0:07:40]} 58. Kf2 {[%clk 0:02:22]} Kf6
{[%clk 0:07:44]} 59. Rc5 {[%clk 0:02:28]} Rf3+ {[%clk 0:07:34]} 60. Ke2
{[%clk 0:01:25]} Kg6 {[%clk 0:06:57]} 61. Rd5 {[%clk 0:00:58]} Rf5
{[%clk 0:06:52]} 62. Rd6+ {[%clk 0:01:22]} Kg5 {[%clk 0:06:45]} 63. Rc6
{[%clk 0:00:55]} Rf3 {[%clk 0:07:05]} 0-1

[Event "WCO2014"]
[Site "Tromso"]
[Date "2014.08.05"]
[Round "4.17"]
[WhiteID "14508150"]
[White "Saric Ivan"]
[BlackID "4900847"]
[Black "Batchuluun Tsegmed"]
[Result "1-0"]
[LiveChessVersion "1.4.3"]
[BlackElo "2513"]
[WhiteElo "2671"]

1. e4 {[%clk 1:30:58]} e6 {[%clk 1:30:38]} 2. d4 {[%clk 1:31:24]} d5
{[%clk 1:31:02]} 3. Nc3 {[%clk 1:31:51]} Nf6 {[%clk 1:31:23]} 4. Bg5
{[%clk 1:32:15]} Bb4 {[%clk 1:30:39]} 5. e5 {[%clk 1:32:41]} h6 {[%clk 1:31:02]}
6. Bc1 {[%clk 1:33:07]} Ne4 {[%clk 1:31:22]} 7. Qg4 {[%clk 1:33:32]} Kf8
{[%clk 1:30:02]} 8. Nge2 {[%clk 1:33:54]} Nxc3 {[%clk 1:30:24]} 9. bxc3
{[%clk 1:34:16]} Ba5 {[%clk 1:30:00]} 10. h4 {[%clk 1:34:26]} c5 {[%clk 1:28:21]}
11. Ba3 {[%clk 1:34:22]} Nd7 {[%clk 1:28:06]} 12. O-O-O {[%clk 1:33:59]} b5
{[%clk 1:23:01]} 13. Nf4 {[%clk 1:27:19]} Bxc3 {[%clk 1:08:38]} 14. Rh3
{[%clk 1:26:49]} Qa5 {[%clk 1:02:06]} 15. Nxe6+ {[%clk 1:23:00]} fxe6
{[%clk 1:00:23]} 16. Rf3+ {[%clk 1:22:28]} Ke8 {[%clk 1:00:45]} 17. Qxe6+
{[%clk 1:22:53]} Kd8 {[%clk 1:01:10]} 18. Rxc3 {[%clk 1:23:17]} Qxc3
{[%clk 0:59:54]} 19. Bb2 {[%clk 1:23:43]} Qb4 {[%clk 0:49:21]} 20. Qxd5
{[%clk 1:23:02]} Rb8 {[%clk 0:49:24]} 21. dxc5 {[%clk 1:22:12]} Re8
{[%clk 0:24:00]} 22. c6 {[%clk 1:16:20]} Qe7 {[%clk 0:12:59]} 23. Bxb5
{[%clk 1:11:37]} Rxb5 {[%clk 0:08:50]} 24. Qxb5 {[%clk 1:12:02]} Kc7
{[%clk 0:08:17]} 25. Rxd7+ {[%clk 1:12:16]} 1-0

[Event "WCO2014"]
[Site "Tromso"]
[Date "2014.08.05"]
[Round "4.18"]
[WhiteID "4900880"]
[White "Battulga Namkhai"]
[BlackID "14502569"]
[Black "Stevic Hrvoje"]
[Result "1/2-1/2"]
[LiveChessVersion "1.4.3"]
[BlackElo "2606"]
[WhiteElo "2411"]

1. e4 {[%clk 1:30:53]} e5 {[%clk 1:30:49]} 2. Nf3 {[%clk 1:31:17]} Nc6
{[%clk 1:31:07]} 3. Bb5 {[%clk 1:30:42]} Nge7 {[%clk 1:29:19]} 4. O-O
{[%clk 1:28:50]} Ng6 {[%clk 1:28:07]} 5. d4 {[%clk 1:22:07]} exd4
{[%clk 1:28:25]} 6. Nxd4 {[%clk 1:22:21]} Bc5 {[%clk 1:28:48]} 7. Nf5
{[%clk 1:20:05]} O-O {[%clk 1:28:45]} 8. Nc3 {[%clk 1:12:56]} a6 {[%clk 1:23:06]}
9. Bc4 {[%clk 1:03:54]} d6 {[%clk 1:22:05]} 10. Qh5 {[%clk 1:02:24]} Kh8
{[%clk 1:07:53]} 11. Bb3 {[%clk 0:41:27]} Nd4 {[%clk 1:05:45]} 12. Bg5
{[%clk 0:36:48]} f6 {[%clk 0:57:31]} 13. Be3 {[%clk 0:36:59]} Nxb3
{[%clk 0:38:23]} 14. axb3 {[%clk 0:35:52]} Bxe3 {[%clk 0:37:06]} 15. Nxe3
{[%clk 0:36:08]} Ne7 {[%clk 0:37:28]} 16. Rad1 {[%clk 0:31:46]} f5
{[%clk 0:28:58]} 17. e5 {[%clk 0:29:43]} f4 {[%clk 0:29:26]} 18. exd6
{[%clk 0:12:45]} fxe3 {[%clk 0:29:18]} 19. dxe7 {[%clk 0:13:09]} Qxe7
{[%clk 0:29:37]} 20. Qe2 {[%clk 0:09:59]} Rxf2 {[%clk 0:25:34]} 21. Rxf2
{[%clk 0:10:06]} exf2+ {[%clk 0:26:01]} 22. Qxf2 {[%clk 0:10:26]} Bg4
{[%clk 0:25:03]} 23. Re1 {[%clk 0:10:49]} Qd7 {[%clk 0:25:05]} 24. Qc5
{[%clk 0:09:15]} b6 {[%clk 0:13:20]} 25. Qd5 {[%clk 0:07:57]} Rc8
{[%clk 0:13:45]} 26. h3 {[%clk 0:06:14]} Bf5 {[%clk 0:13:36]} 27. Qxd7
{[%clk 0:03:47]} Bxd7 {[%clk 0:14:04]} 28. Re7 {[%clk 0:02:31]} Bf5
{[%clk 0:14:14]} 29. Nd5 {[%clk 0:02:51]} Bxc2 {[%clk 0:14:35]} 30. b4
{[%clk 0:03:13]} Bd3 {[%clk 0:03:49]} 31. Nxc7 {[%clk 0:02:51]} h6
{[%clk 0:04:15]} 32. g4 {[%clk 0:01:49]} Bc4 {[%clk 0:02:58]} 33. Ne8
{[%clk 0:02:06]} Bf7 {[%clk 0:02:32]} 34. Nd6 {[%clk 0:01:51]} Rc1+
{[%clk 0:02:57]} 35. Kf2 {[%clk 0:02:18]} Bg6 {[%clk 0:02:46]} 36. h4
{[%clk 0:01:04]} h5 {[%clk 0:02:30]} 37. gxh5 {[%clk 0:01:07]} Bxh5
{[%clk 0:02:55]} 38. Re5 Rc2+ {[%clk 0:01:35]} 39. Kg3 {[%clk 0:01:07]} Bd1
{[%clk 0:01:08]} 40. Nf7+ {[%clk 0:01:00]} Kg8 {[%clk 0:01:26]} 41. Ng5
{[%clk 0:03:23]} Kf8 {[%clk 0:01:49]} 42. Rd5 {[%clk 0:27:54]} Be2
{[%clk 0:33:06]} 43. Ne6+ {[%clk 0:18:11]} Kf7 {[%clk 0:32:27]} 44. Rd6 b5
{[%clk 0:25:12]} 45. b3 {[%clk 0:13:31]} Rc3+ {[%clk 0:25:05]} 46. Kf2
{[%clk 0:13:13]} Bg4 {[%clk 0:25:14]} 47. Nc5 {[%clk 0:12:24]} a5
{[%clk 0:23:48]} 48. Rd4 Bh3 {[%clk 0:09:02]} 49. Ne4 {[%clk 0:11:45]} Rxb3
{[%clk 0:09:24]} 50. bxa5 {[%clk 0:12:00]} Ke7 {[%clk 0:07:42]} 51. Rd5
{[%clk 0:06:33]} Bc8 {[%clk 0:05:10]} 52. Rc5 {[%clk 0:05:36]} Bd7
{[%clk 0:03:24]} 53. Rc7 {[%clk 0:05:20]} Ra3 {[%clk 0:02:40]} 54. Ra7
{[%clk 0:04:14]} Kd8 {[%clk 0:03:03]} 55. Nc5 {[%clk 0:04:29]} Bc8
{[%clk 0:03:06]} 56. a6 {[%clk 0:02:07]} b4 {[%clk 0:03:00]} 57. Rxg7
{[%clk 0:02:25]} Bxa6 {[%clk 0:03:22]} 58. Nxa6 {[%clk 0:00:41]} Rxa6
{[%clk 0:03:44]} 59. Rb7 {[%clk 0:01:09]} Ke8 {[%clk 0:03:16]} 60. Kg3
{[%clk 0:01:29]} Kf8 {[%clk 0:03:40]} 1/2-1/2

[Event "WCO2014"]
[Site "Tromso"]
[Date "2014.08.05"]
[Round "4.19"]
[WhiteID "14500116"]
[White "Palac Mladen"]
[BlackID "4901045"]
[Black "Gundavaa Bayarsaikhan"]
[Result "1-0"]
[LiveChessVersion "1.4.3"]
[BlackElo "2501"]
[WhiteElo "2563"]

1. e4 {[%clk 1:30:57]} c5 {[%clk 1:30:54]} 2. Nf3 {[%clk 1:31:24]} d6
{[%clk 1:31:19]} 3. Bb5+ {[%clk 1:31:26]} Nd7 {[%clk 1:30:04]} 4. O-O
{[%clk 1:31:26]} a6 {[%clk 1:30:29]} 5. Bd3 {[%clk 1:31:54]} Ngf6
{[%clk 1:30:00]} 6. Re1 {[%clk 1:32:19]} Qc7 {[%clk 1:30:04]} 7. c3
{[%clk 1:30:38]} b5 {[%clk 1:28:41]} 8. a4 {[%clk 1:15:39]} b4 {[%clk 1:15:39]}
9. cxb4 {[%clk 1:04:08]} cxb4 {[%clk 1:15:40]} 10. Bf1 {[%clk 1:04:34]} Bb7
{[%clk 1:14:09]} 11. d3 {[%clk 1:05:00]} a5 {[%clk 1:07:30]} 12. Nbd2
{[%clk 1:03:13]} e6 {[%clk 1:06:17]} 13. b3 {[%clk 0:57:53]} Be7 {[%clk 1:04:54]}
14. Bb2 {[%clk 0:58:22]} O-O {[%clk 1:04:44]} 15. Rc1 {[%clk 0:58:50]} Qb8
{[%clk 1:01:52]} 16. d4 {[%clk 0:59:15]} Rd8 {[%clk 0:58:29]} 17. Bd3
{[%clk 0:55:54]} e5 {[%clk 0:52:22]} 18. Qe2 {[%clk 0:38:42]} Bf8
{[%clk 0:42:04]} 19. Bb5 {[%clk 0:34:21]} d5 {[%clk 0:29:58]} 20. dxe5
{[%clk 0:34:21]} dxe4 {[%clk 0:26:34]} 21. exf6 {[%clk 0:24:08]} exf3
{[%clk 0:26:34]} 22. Nxf3 {[%clk 0:24:36]} Nxf6 {[%clk 0:26:30]} 23. Ne5
{[%clk 0:20:05]} Qd6 {[%clk 0:24:20]} 24. Nxf7 {[%clk 0:08:30]} Kxf7
{[%clk 0:19:53]} 25. Be5 {[%clk 0:08:56]} Re8 {[%clk 0:14:26]} 26. Bxe8+
{[%clk 0:06:41]} Rxe8 {[%clk 0:14:51]} 27. Bxd6 {[%clk 0:07:09]} 1-0

[Event "WCO2014"]
[Site "Tromso"]
[Date "2014.08.05"]
[Round "4.20"]
[WhiteID "4901266"]
[White "Munkhgal Gombosuren"]
[BlackID "14502879"]
[Black "Kozul Zdenko"]
[Result "0-1"]
[LiveChessVersion "1.4.3"]
[BlackElo "2608"]
[WhiteElo "2418"]

1. d4 {[%clk 1:30:54]} Nf6 {[%clk 1:30:48]} 2. c4 {[%clk 1:31:16]} d6
{[%clk 1:30:23]} 3. Nc3 {[%clk 1:31:33]} Nbd7 {[%clk 1:29:40]} 4. e4
{[%clk 1:29:53]} e5 {[%clk 1:29:58]} 5. Nf3 {[%clk 1:26:35]} g6 {[%clk 1:29:47]}
6. Be2 {[%clk 1:23:13]} Bg7 {[%clk 1:30:09]} 7. O-O {[%clk 1:23:38]} O-O
{[%clk 1:30:34]} 8. h3 {[%clk 1:23:38]} exd4 {[%clk 1:29:47]} 9. Nxd4
{[%clk 1:23:50]} Re8 {[%clk 1:30:09]} 10. Bd3 {[%clk 1:15:25]} Nc5
{[%clk 1:21:13]} 11. Re1 {[%clk 1:13:31]} a5 {[%clk 1:21:23]} 12. Bc2
{[%clk 1:04:40]} c6 {[%clk 1:16:29]} 13. Bf4 {[%clk 1:00:26]} Nh5
{[%clk 1:04:36]} 14. Bh2 {[%clk 0:56:29]} Be5 {[%clk 1:03:03]} 15. Nf5
{[%clk 0:41:31]} Nf4 {[%clk 0:54:46]} 16. Qf3 {[%clk 0:41:07]} Nce6
{[%clk 0:53:17]} 17. Rad1 {[%clk 0:19:28]} gxf5 {[%clk 0:35:10]} 18. exf5
{[%clk 0:19:40]} Ng5 {[%clk 0:35:33]} 19. Qe3 {[%clk 0:19:19]} Ne2+
{[%clk 0:34:50]} 20. Rxe2 {[%clk 0:06:16]} Bxh2+ {[%clk 0:34:56]} 21. Kxh2
{[%clk 0:06:42]} Rxe3 {[%clk 0:35:16]} 22. Rxe3 {[%clk 0:07:07]} f6
{[%clk 0:34:34]} 23. f4 {[%clk 0:02:29]} Nf7 {[%clk 0:34:40]} 24. Rde1
{[%clk 0:02:27]} Bd7 {[%clk 0:33:57]} 25. b3 {[%clk 0:00:57]} Kf8
{[%clk 0:33:50]} 26. Re6 {[%clk 0:00:33]} Bxe6 {[%clk 0:33:39]} 27. fxe6
{[%clk 0:01:00]} Qe7 {[%clk 0:33:31]} 28. Bxh7 {[%clk 0:01:18]} f5
{[%clk 0:31:19]} 29. Bg6 {[%clk 0:00:34]} Qf6 {[%clk 0:30:57]} 30. e7+
{[%clk 0:00:32]} Ke8 {[%clk 0:31:05]} 31. Bxf7+ {[%clk 0:00:32]} Kxf7
{[%clk 0:27:37]} 0-1

[Event "WCO2014"]
[Site "Tromso"]
[Date "2014.08.05"]
[Round "4.20"]
[WhiteID "3600017"]
[White "Matamoros Franco Carlos S."]
[BlackID "1405853"]
[Black "Palo Davor"]
[Result "1/2-1/2"]
[LiveChessVersion "1.4.3"]
[BlackElo "2562"]
[WhiteElo "2525"]

1. c4 f5 2. Nf3 Nf6 3. g3 g6 4. b4 Bg7 5. Bb2 O-O 6. Bg2 d6 7. d4 e6 8. O-O Qe7
9. Nbd2 Nbd7 10. Qb3 e5 11. c5+ Kh8 12. dxe5 Nxe5 13. cxd6 cxd6 14. Nd4 d5 15.
Rfd1 Rd8 16. Rac1 Ne4 17. Nb5 Nc6 18. Bxg7+ Kxg7 19. Nf3 Be6 20. Nfd4 Nxd4 21.
Nxd4 Bf7 22. Qe3 Rac8 23. f3 Qg5 24. Qxg5 Nxg5 25. e3 Ne6 26. Bf1 Kf6 27. Kf2
Nxd4 28. exd4 Be8 29. Bd3 Bd7 30. Rc5 b6 31. Rcc1 Rxc1 32. Rxc1 Rc8 33. Rxc8
1/2-1/2

[Event "WCO2014"]
[Site "Tromso"]
[Date "2014.08.05"]
[Round "4.19"]
[WhiteID "1406000"]
[White "Rasmussen Allan Stig"]
[BlackID "3601382"]
[Black "Guerra Tulcan Lenin"]
[Result "0-1"]
[LiveChessVersion "1.4.3"]
[BlackElo "2374"]
[WhiteElo "2522"]

1. c4 {[%clk 1:30:56]} e5 {[%clk 1:30:21]} 2. Nc3 {[%clk 1:31:08]} Nc6
{[%clk 1:30:11]} 3. e3 {[%clk 1:30:44]} Bc5 {[%clk 1:25:45]} 4. Nf3
{[%clk 1:25:49]} a6 {[%clk 1:24:38]} 5. Nxe5 {[%clk 1:13:00]} Nxe5
{[%clk 1:18:40]} 6. d4 {[%clk 1:13:26]} Bd6 {[%clk 1:11:07]} 7. c5
{[%clk 1:13:23]} Be7 {[%clk 1:03:08]} 8. dxe5 {[%clk 1:13:40]} Bxc5
{[%clk 1:03:26]} 9. Bc4 {[%clk 1:07:51]} Ne7 {[%clk 0:43:19]} 10. Qh5
{[%clk 1:05:17]} g6 {[%clk 0:20:07]} 11. Qh6 {[%clk 0:57:53]} Nf5
{[%clk 0:19:03]} 12. Qf4 {[%clk 0:57:21]} O-O {[%clk 0:18:29]} 13. Nd5
{[%clk 0:42:09]} Be7 {[%clk 0:16:43]} 14. Bd2 {[%clk 0:34:47]} Bg5
{[%clk 0:15:02]} 15. Qf3 {[%clk 0:30:04]} c6 {[%clk 0:14:06]} 16. Nc3
{[%clk 0:25:38]} d5 {[%clk 0:14:07]} 17. exd6 {[%clk 0:24:39]} Nh4
{[%clk 0:13:03]} 18. Qe2 {[%clk 0:17:46]} Nxg2+ {[%clk 0:06:21]} 19. Kd1
{[%clk 0:18:12]} Nh4 {[%clk 0:06:11]} 20. Rg1 {[%clk 0:12:18]} Bf6
{[%clk 0:05:53]} 21. Kc1 {[%clk 0:08:44]} Bg7 {[%clk 0:05:03]} 22. e4
{[%clk 0:08:13]} Qxd6 {[%clk 0:04:15]} 23. Bg5 {[%clk 0:05:25]} Bf6
{[%clk 0:03:10]} 24. Kc2 {[%clk 0:02:02]} Bxg5 {[%clk 0:02:13]} 25. Rxg5
{[%clk 0:02:31]} Qf4 {[%clk 0:02:27]} 26. Rg3 {[%clk 0:01:52]} b5
{[%clk 0:02:22]} 27. Bb3 {[%clk 0:01:56]} a5 {[%clk 0:01:53]} 28. a3
{[%clk 0:01:31]} a4 {[%clk 0:01:54]} 29. Ba2 {[%clk 0:02:00]} Nf5
{[%clk 0:01:31]} 30. exf5 {[%clk 0:00:44]} Bxf5+ {[%clk 0:01:56]} 31. Kd1
{[%clk 0:00:50]} Rfe8 {[%clk 0:02:04]} 32. Re3 {[%clk 0:00:31]} Bg4
{[%clk 0:02:13]} 0-1

[Event "WCO2014"]
[Site "Tromso"]
[Date "2014.08.05"]
[Round "4.18"]
[WhiteID "3600467"]
[White "Mieles Palau Daniel"]
[BlackID "1401815"]
[Black "Aagaard Jacob"]
[Result "1/2-1/2"]
[LiveChessVersion "1.4.3"]
[BlackElo "2525"]
[WhiteElo "2374"]

1. d4 {[%clk 1:30:30]} d5 {[%clk 1:30:43]} 2. c4 {[%clk 1:30:55]} c6
{[%clk 1:31:08]} 3. Nc3 {[%clk 1:30:48]} Nf6 {[%clk 1:31:28]} 4. Nf3
{[%clk 1:31:07]} e6 {[%clk 1:31:48]} 5. Bg5 {[%clk 1:28:25]} Be7 {[%clk 1:29:35]}
6. e3 {[%clk 1:27:36]} O-O {[%clk 1:28:56]} 7. Bd3 {[%clk 1:22:27]} dxc4
{[%clk 1:19:22]} 8. Bxc4 {[%clk 1:22:49]} Nd5 {[%clk 1:19:47]} 9. Bxe7
{[%clk 1:21:45]} Qxe7 {[%clk 1:20:16]} 10. O-O {[%clk 1:21:26]} Nxc3
{[%clk 1:14:56]} 11. bxc3 {[%clk 1:21:51]} Nd7 {[%clk 1:15:01]} 12. a4
{[%clk 1:08:14]} e5 {[%clk 1:12:57]} 13. a5 {[%clk 1:08:40]} e4 {[%clk 1:08:26]}
14. Nd2 {[%clk 1:05:55]} Nf6 {[%clk 1:07:56]} 15. Be2 {[%clk 0:58:58]} Be6
{[%clk 1:02:34]} 16. Qc2 {[%clk 0:58:29]} Kh8 {[%clk 0:59:41]} 17. Rfb1
{[%clk 0:57:05]} Rac8 {[%clk 0:55:29]} 18. Nb3 {[%clk 0:44:17]} Bxb3
{[%clk 0:53:11]} 19. Rxb3 {[%clk 0:44:32]} Ne8 {[%clk 0:38:19]} 20. Qb2
{[%clk 0:39:38]} Nd6 {[%clk 0:28:55]} 21. Qa3 {[%clk 0:37:09]} f5
{[%clk 0:28:58]} 22. Qc5 {[%clk 0:27:30]} f4 {[%clk 0:28:04]} 23. exf4
{[%clk 0:27:21]} Rxf4 {[%clk 0:28:12]} 24. Qxa7 {[%clk 0:21:02]} Rxf2
{[%clk 0:18:34]} 25. Kxf2 {[%clk 0:20:11]} Qf7+ {[%clk 0:19:03]} 26. Kg1
{[%clk 0:19:43]} Qxb3 {[%clk 0:19:24]} 27. Qc5 {[%clk 0:19:21]} Qb2
{[%clk 0:17:54]} 28. Rf1 {[%clk 0:17:37]} Qxe2 {[%clk 0:17:05]} 29. Qxd6
{[%clk 0:18:02]} Qe3+ {[%clk 0:15:42]} 30. Kh1 {[%clk 0:18:28]} Rg8
{[%clk 0:16:07]} 31. Qg3 {[%clk 0:11:38]} 1/2-1/2

[Event "WCO2014"]
[Site "Tromso"]
[Date "2014.08.05"]
[Round "4.17"]
[WhiteID "1413864"]
[White "Andersen Mads"]
[BlackID "3601234"]
[Black "Santos Flores Alberto"]
[Result "1/2-1/2"]
[LiveChessVersion "1.4.3"]
[BlackElo "2291"]
[WhiteElo "2477"]

1. Nf3 {[%clk 1:30:55]} c5 {[%clk 1:30:14]} 2. e4 {[%clk 1:31:16]} Nc6
{[%clk 1:30:25]} 3. Bb5 {[%clk 1:31:29]} g6 {[%clk 1:29:59]} 4. O-O
{[%clk 1:31:41]} Bg7 {[%clk 1:30:26]} 5. c3 {[%clk 1:32:02]} Nf6 {[%clk 1:30:16]}
6. Re1 {[%clk 1:30:04]} O-O {[%clk 1:29:16]} 7. h3 {[%clk 1:29:22]} d5
{[%clk 1:11:16]} 8. e5 {[%clk 1:27:19]} Ne8 {[%clk 1:07:28]} 9. d4
{[%clk 1:26:36]} cxd4 {[%clk 1:07:23]} 10. cxd4 {[%clk 1:26:27]} Nc7
{[%clk 1:07:48]} 11. Bxc6 {[%clk 1:15:00]} bxc6 {[%clk 1:08:12]} 12. b3
{[%clk 1:14:37]} Ne6 {[%clk 0:54:57]} 13. Nc3 {[%clk 1:05:55]} Ba6
{[%clk 0:50:28]} 14. Ba3 {[%clk 1:00:21]} Bb5 {[%clk 0:49:01]} 15. Qd2
{[%clk 0:56:23]} Qd7 {[%clk 0:44:41]} 16. Rac1 {[%clk 0:53:46]} a5
{[%clk 0:36:19]} 17. Rc2 {[%clk 0:50:39]} h6 {[%clk 0:29:09]} 18. Rec1
{[%clk 0:48:21]} a4 {[%clk 0:17:06]} 19. Nxb5 {[%clk 0:40:07]} cxb5
{[%clk 0:17:32]} 20. Bb4 {[%clk 0:33:16]} axb3 {[%clk 0:17:07]} 21. axb3
{[%clk 0:33:44]} Ra6 {[%clk 0:14:45]} 22. Ne1 {[%clk 0:26:03]} Rfa8
{[%clk 0:09:01]} 23. Nd3 {[%clk 0:23:20]} Ra1 {[%clk 0:08:22]} 24. Nc5
{[%clk 0:20:50]} Nxc5 {[%clk 0:08:08]} 25. Rxc5 {[%clk 0:20:28]} e6
{[%clk 0:07:44]} 26. Rxa1 {[%clk 0:09:55]} Rxa1+ {[%clk 0:08:13]} 27. Rc1
{[%clk 0:10:15]} Qa7 {[%clk 0:07:08]} 28. Bc5 {[%clk 0:09:52]} Rxc1+
{[%clk 0:06:36]} 29. Qxc1 {[%clk 0:10:21]} Qa2 {[%clk 0:06:32]} 30. Qc3
{[%clk 0:09:41]} Qe2 {[%clk 0:06:29]} 31. g4 {[%clk 0:08:10]} Kh7
{[%clk 0:06:02]} 1/2-1/2

[Event "WCO2014"]
[Site "Tromso"]
[Date "2014.08.05"]
[Round "4.15"]
[WhiteID "14300141"]
[White "Kobese Watu"]
[BlackID "14101025"]
[Black "Onischuk Alexander"]
[Result "0-1"]
[LiveChessVersion "1.4.3"]
[BlackElo "2659"]
[WhiteElo "2333"]

1. e4 {[%clk 1:30:58]} c6 {[%clk 1:30:53]} 2. d4 {[%clk 1:31:22]} d5
{[%clk 1:31:19]} 3. exd5 {[%clk 1:31:48]} cxd5 {[%clk 1:31:44]} 4. c4
{[%clk 1:32:13]} Nf6 {[%clk 1:31:58]} 5. Nc3 {[%clk 1:32:36]} e6 {[%clk 1:31:22]}
6. Nf3 {[%clk 1:33:00]} Bb4 {[%clk 1:31:18]} 7. Bd3 {[%clk 1:33:07]} dxc4
{[%clk 1:30:01]} 8. Bxc4 {[%clk 1:33:31]} O-O {[%clk 1:29:01]} 9. O-O
{[%clk 1:33:56]} b6 {[%clk 1:27:50]} 10. Bg5 {[%clk 1:28:24]} Bb7
{[%clk 1:26:17]} 11. Rc1 {[%clk 1:28:23]} Nbd7 {[%clk 1:22:29]} 12. Re1
{[%clk 1:13:42]} Rc8 {[%clk 1:20:52]} 13. Bd3 {[%clk 1:12:53]} Bxc3
{[%clk 1:09:48]} 14. bxc3 {[%clk 1:10:30]} Qc7 {[%clk 1:08:57]} 15. Qd2
{[%clk 0:48:11]} Bxf3 {[%clk 1:02:39]} 16. gxf3 {[%clk 0:46:41]} Qc6
{[%clk 0:59:01]} 17. f4 {[%clk 0:35:23]} Rfe8 {[%clk 0:56:40]} 18. Re3
{[%clk 0:26:44]} h6 {[%clk 0:42:38]} 19. Bh4 {[%clk 0:26:52]} Qd6
{[%clk 0:41:26]} 20. Bb5 {[%clk 0:18:32]} Nh5 {[%clk 0:26:58]} 21. Bxd7
{[%clk 0:13:10]} Qxd7 {[%clk 0:27:08]} 22. Re5 {[%clk 0:13:39]} Rc5
{[%clk 0:22:32]} 23. Rce1 {[%clk 0:08:15]} f6 {[%clk 0:19:01]} 24. R5e4
{[%clk 0:04:15]} Kf7 {[%clk 0:16:05]} 25. Qe2 {[%clk 0:03:48]} Rf5
{[%clk 0:15:46]} 26. Bg3 {[%clk 0:04:05]} b5 {[%clk 0:15:22]} 27. a4
{[%clk 0:03:29]} bxa4 {[%clk 0:12:27]} 28. Qa6 {[%clk 0:03:52]} Rd5
{[%clk 0:10:38]} 29. Rb1 {[%clk 0:02:03]} Re7 {[%clk 0:08:58]} 30. Ra1
{[%clk 0:01:56]} Qb5 {[%clk 0:06:17]} 31. Qxb5 {[%clk 0:01:55]} Rxb5
{[%clk 0:06:42]} 32. Rxa4 {[%clk 0:02:14]} a5 {[%clk 0:06:48]} 33. c4
{[%clk 0:01:26]} Rb1+ {[%clk 0:06:45]} 34. Kg2 {[%clk 0:01:54]} Ra7
{[%clk 0:07:06]} 35. Re3 {[%clk 0:01:19]} f5 {[%clk 0:06:21]} 36. h4
{[%clk 0:01:28]} Rd1 {[%clk 0:05:40]} 37. c5 {[%clk 0:01:39]} Nf6
{[%clk 0:06:02]} 38. Rea3 {[%clk 0:01:38]} Nd5 {[%clk 0:05:19]} 39. Rb3
{[%clk 0:01:04]} Rc7 {[%clk 0:03:13]} 40. Kf3 {[%clk 0:00:42]} Nb4
{[%clk 0:01:40]} 41. Raxb4 {[%clk 0:16:27]} axb4 {[%clk 0:32:26]} 42. Rxb4
{[%clk 0:16:56]} Rd3+ {[%clk 0:31:52]} 43. Ke2 {[%clk 0:16:52]} Ra3
{[%clk 0:31:58]} 44. h5 {[%clk 0:13:10]} Rca7 {[%clk 0:29:27]} 45. Rb6
{[%clk 0:12:19]} R7a4 {[%clk 0:24:52]} 46. Rb7+ {[%clk 0:12:05]} Kg8
{[%clk 0:24:08]} 47. Rb8+ {[%clk 0:08:45]} Kh7 {[%clk 0:22:56]} 48. Rd8
{[%clk 0:09:09]} Rb4 {[%clk 0:22:41]} 49. Bh4 {[%clk 0:08:53]} Rb2+
{[%clk 0:19:49]} 50. Kf1 {[%clk 0:09:15]} Rh3 51. Bg3 {[%clk 0:08:29]} Rh1+
{[%clk 0:15:27]} 52. Kg2 {[%clk 0:08:54]} Rd1 {[%clk 0:15:51]} 53. Bh4
{[%clk 0:07:31]} Rb4 {[%clk 0:09:07]} 54. c6 {[%clk 0:07:09]} Rc4
{[%clk 0:07:49]} 55. Rd7 {[%clk 0:04:34]} Rxc6 {[%clk 0:06:52]} 56. Bf6
{[%clk 0:04:54]} Kg8 {[%clk 0:07:18]} 57. Rxg7+ {[%clk 0:04:37]} Kf8
{[%clk 0:07:44]} 58. Rg3 {[%clk 0:03:34]} Rcc1 {[%clk 0:07:13]} 59. Bg7+
{[%clk 0:03:33]} Kf7 {[%clk 0:07:35]} 60. Bxh6 {[%clk 0:03:40]} Rg1+
{[%clk 0:07:48]} 61. Kh2 {[%clk 0:01:46]} Rh1+ {[%clk 0:07:59]} 62. Kg2
{[%clk 0:02:14]} Rcg1+ {[%clk 0:06:44]} 63. Kf3 {[%clk 0:02:42]} Rxg3+
{[%clk 0:07:07]} 64. fxg3 {[%clk 0:01:23]} Rxh5 {[%clk 0:07:32]} 65. Bg5
{[%clk 0:01:50]} Rh2 {[%clk 0:07:33]} 66. Bd8 {[%clk 0:02:00]} Kg6
{[%clk 0:07:36]} 0-1